Účtovanie stravovania zamestnancov
Podľa §152 ods.1 zákona č.311/2001 Z.z. Zákonník práce v znp., je zamestnávateľ povinný zabezpečiť zamestnancom stravovanie vo všetkých zmenách. Podľa §152 ods. 3 Zákonníka práce, zamestnávateľ prispieva na stravovanie zamestnancov v sume najmenej 55% ceny jedla, najviac do sumy 55% stravného poskyt...
Salvato in:
| Autore principale: | |
|---|---|
| Natura: | Capitolo di libro |
| Lingua: | slovacco |
| Soggetti: | |
| Tags: |
Nessun Tag, puoi essere il primo ad aggiungerne!!
|
MARC
| LEADER | 00000naa a2200000 4500 | ||
|---|---|---|---|
| 001 | 0278633 | ||
| 005 | 20210921173854.3 | ||
| 041 | 0 | |a slo | |
| 044 | |a SK | ||
| 245 | 1 | 0 | |a Účtovanie stravovania zamestnancov |c Jana Hvojníková |
| 520 | |a Podľa §152 ods.1 zákona č.311/2001 Z.z. Zákonník práce v znp., je zamestnávateľ povinný zabezpečiť zamestnancom stravovanie vo všetkých zmenách. Podľa §152 ods. 3 Zákonníka práce, zamestnávateľ prispieva na stravovanie zamestnancov v sume najmenej 55% ceny jedla, najviac do sumy 55% stravného poskytovaného pri pracovnej ceste v trvaní 5 až 12 hodín podľa osobitného predpisu. | ||
| 610 | 2 | 0 | |a zamestnanci |
| 610 | 2 | 0 | |a stravovanie spoločné |
| 610 | 2 | 0 | |a povinnosti zamestnávateľov |
| 610 | 2 | 0 | |a zákonník práce |
| 610 | 2 | 0 | |a zariadenia stravovacie |
| 610 | 2 | 0 | |a príspevky nenávratné |
| 610 | 2 | 0 | |a účtovanie |
| 100 | 1 | |a Hvojníková, Jana | |